Meyer, Klaus, 1928-2007. Rußland - vertraute Fremde. - Frankfurt, M. [u.a.] : Lang. - 2008 [Rezension]
| Titel: | Meyer, Klaus, 1928-2007. Rußland - vertraute Fremde. - Frankfurt, M. [u.a.] : Lang. - 2008 [Rezension] |
|---|---|
| Verfasser: | |
| In: |
Jahrbuch des baltischen Deutschtums, Band 57 (2009), Seite 226-228 alle Artikel anzeigen |
| Veröffentlicht: | 2009 [2010] |
| Format: | Aufsatz |
| Sprache: | Deutsch |
X
alg: 39500911
001A $01999:12-11-16
001B $01999:04-08-21 $t21:01:58.000
001D $01999:12-11-16
001U $0utf8
001X $00
002@ $0Aox
003@ $0395009111
007A $0395009111 $aHEB
007T $0Herdc0071243m
010@ $ager
011@ $a2009 $n2009 [2010]
021A $aMeyer, Klaus, 1928-2007. Rußland - vertraute Fremde. - Frankfurt, M. {[u.a.] : Lang. - 2008 [Rezension]
028A $#Garlef, Michael $#Garlefs, Mihaels $7123280079 $8Garleff, Michael$Z1940- [Tp1] $9134716108
031A $d57 $h226-228 $j2009
039B $aIn $8--Abvc--. Jahrbuch des baltischen Deutschtums. - Lüneburg : Carl-Schirren-Ges., 1927-2012. - ISSN 0075-2436 $x200900000570000774 $9047351179
039T $8--Aau--Meyer, Klaus$Z1928-2007 [Tp1]. Rußland - vertraute Fremde. - Frankfurt, M. {[u.a.] : Lang, 2008. - 362 S.. - Ill., graph. Darst., Kt.. - ISBN 978-3-631-57453-9 $9201766574
045F $a900.9437 $eDDC23BSB
045F/01 $a900
045F/03 $g437
045T $a7,41 $a7,44
045T $aGER $qDE-30 $2FID
lok: 39500911 78
exp: 39500911 78 1 #EPN
201B/01 $018-11-16 $t13:25:13.000
201U/01 $0utf8
203@/01 $0791307735
208@/01 $a12-11-16 $be
209A/01 $a/ $f000 $x00
220C/01 $aTitelaufnehmer: kk
220C/01 $aHerkunft: HI Marburg
244Z/01 $2Trx $#Kesk- ja Ida- Euroopa kontseptsioonid $#Vidurio Europos koncepcijos $#East-Central Europe $#Keletközépeurópa-eszmék $#Europa Środkowo-Wschodnia koncepcje $#Európa stredovýchodná koncepcie $#Evropa střední, východní část koncepce $#Mitteleuropa $#Osteuropakonzeptionen $#Europa Środkowa koncepcje $#Stredná Európa koncepcie $#Střední Europa koncepce $8--Trx--Ostmitteleuropakonzeptionen $x01 $9391364286
244Z/01 $2Trx $#arvustused $#recenzijos $#Reviews $#recenziók $#recenzje $#recenzie $#recenze $8--Trx--Rezensionen $x02 $9391357441
247C/01 $82080>Marburg/Lahn, Herder-Institut, Forschungsbibliothek, Bibliographieportal $9336309341
| LEADER | 00000caa a22000002c 4500 | ||
|---|---|---|---|
| 001 | 395009111 | ||
| 003 | DE-603 | ||
| 005 | 20210804210158.0 | ||
| 007 | tu | ||
| 008 | 161112s2009 xx |||| | u00||u|ger c | ||
| 035 | |a (DE-599)HEB395009111 | ||
| 040 | |a DE-603 |b ger |c DE-603 |d DE-603 | ||
| 041 | |a ger | ||
| 082 | 0 | 4 | |8 1\u |a 900.9437 |q DE-101 |2 23/BSB |
| 084 | |a 7,41 |a 7,44 |2 ssgn | ||
| 084 | |a GER |q DE-30 |2 fid | ||
| 085 | |8 1\u |b 900 | ||
| 085 | |8 1\u |z 2 |s 437 | ||
| 100 | 1 | |a Garleff, Michael |d 1940- |0 (DE-603)134716108 |0 (DE-588)123280079 |2 gnd | |
| 245 | 0 | 0 | |a Meyer, Klaus, 1928-2007. Rußland - vertraute Fremde. - Frankfurt, M. [u.a.] : Lang. - 2008 [Rezension] |
| 264 | 0 | |c 2009 [2010] | |
| 773 | 0 | 8 | |i In |t Jahrbuch des baltischen Deutschtums |d Lüneburg : Carl-Schirren-Ges., 1927-2012 |x 0075-2436 |g Band 57 (2009), Seite 226-228 |w (DE-603)047351179 |w (DE-600)217235-5 |
| 787 | 0 | 8 | |i Rezension von |a Meyer, Klaus, 1928-2007 |t Rußland - vertraute Fremde |d Frankfurt, M. [u.a.] : Lang, 2008 |h 362 S., Ill., graph. Darst., Kt. |z 9783631574539 |w (DE-603)201766574 |
| 924 | 0 | |9 2080 |a (DE-603)791307735 |b DE-2080 |c HES |d d |g / | |


